000 00368nam a2200145Ia 4500
008 230917s9999||||xx |||||||||||||| ||und||
040 _e123478
_aMAIN
041 _aEnglish
082 _a647.94 A79P
100 _aAltinay, Levent
245 0 _aPlanning research in hospitality and tourism
260 _aAmsterdam
_bElsiever
_c2008
300 _a247 p.
942 _cBK
999 _c147504
_d147504